000 00348nam a2200133 i 4500
001 bg
100 1 _aWÓJCIK-SZWEDZIŃSKA, M.
245 0 _aPrzewodnik do ćwiczeń z biologii sanitarnej /
_cM. Wójcik-Szwedzińska.
260 _aCzęstochowa,
_c1987.
040 _cBPK
041 _apol
942 _cKS
008 s pl f |000 0 pol
999 _c3736
_d3736
856 _uhttp://koha.tu.koszalin.pl/cgi-bin/koha/opac-detail.pl?biblionumber=3736
_yKatalog online BPK